Výstava Pokoj ľuďom dobrej vôle

Bibliographic Details
Main Author: Paulínyová, Nina (Author)
Format: Article
Language:Slovak
PhysicalDescription:Obr.
ISSN:0027-5263
Subjects:

MARC

LEADER 00000nab a2200000 a 4500
001 vtls000730474
003 SK-MaSNL
005 20260426081802.0
008 250429c2000 xo 0 slo
015 |a SNBRB2000/09-22781 
035 |a CLN000082604 
035 |a urn:nbn:sk:snk-ab2oe4 
035 |a (urnnbn)urn:nbn:sk:snk:ar-a02p5a 
035 |a (uuid)5bd80fa3-f4f0-45b2-85df-c5c7a4e13443 
040 |a SNKBUCL  |b slo  |c SNKBUCL  |e AACR2 
041 0 |a slo 
044 |a xo  |c SK 
080 |a 745.51:398.332.41:247:061.4  |2 1997 
080 |a 069.6.02(437.6)  |2 1997 
100 1 |a Paulínyová, Nina  |4 aut  |9 1404796 
245 1 0 |a Výstava Pokoj ľuďom dobrej vôle  |c Nina Paulínyová 
300 |b Obr. 
610 2 7 |a Historické múzeum (Bratislava, Slovensko)  |2 snkbucl  |9 32461 
648 7 |a 1999-2000  |2 snkbucl  |9 274707 
650 0 7 |a betlehemy  |2 snkbucl  |9 13423 
650 0 7 |a výstavy  |2 snkbucl  |9 2780 
651 7 |a Bratislava (Slovensko)  |2 snkbucl  |9 14568 
655 7 |a články z novín a časopisov  |2 snkbucl  |9 267496 
773 0 |t Múzeum  |g Roč. 46, č. 2 (2000), s. 41-42  |x 0027-5263 
850 |a Slovenská národná knižnica 
852 |a Slovenská národná knižnica 
954 |a odborná, vedecká literatúra pôvodná (slovenská)  |2 lita 
958 |a article27 
958 |a SK 
958 |a OND 
958 |a EUIPO 
992 |a RBX 
999 |c 2852171  |d 2854101